25 Best NBA Players 2014 - Statistics

General Stats
  • This quiz has been taken 109 times
  • The average score is 15 of 25
Answer Stats
Rank Answer % Correct
#1 Kevin Durant
99%
#2 LeBron James
98%
#6 Stephen Curry
89%
#17 Tim Duncan
77%
#4 Chris Paul
76%
#9 James Harden
75%
#10 Dwight Howard
70%
#8 Blake Griffin
69%
#7 Carmelo Anthony
65%
#18 Tony Parker
65%
#15 Kyrie Irving
63%
#21 Chris Bosh
59%
#24 Dirk Nowitzki
59%
#5 Kevin Love
58%
#3 Paul George
58%
#12 John Wall
56%
#11 Anthony Davis
55%
#13 Damian Lillard
49%
#14 LaMarcus Aldridge
47%
#22 Joakim Noah
45%
#16 DeMar DeRozan
41%
#19 DeMarcus Cousins
40%
#25 Roy Hibbert
26%
#20 Serge Ibaka
25%
#23 Goran Dragic
22%
No matching quizzes found
Score Distribution
Percent of People with Each Score
Percentile by Number Answered
Your Score History
You have not taken this quiz